00543nam a2200217Ia 450000500170000000800460001702000180006303700100008104000080009104000080009904000080010704100080011504100080012308400080013110000120013924500780015126000310022926000090026065000160026985600400028520260306163556.0008 260114s9999 xx 000 0 eng d a9781474491365 aEBOOK aCRL beng cCRL 2eng aeng qCRL aRaeburn 0aScots And The Spanish Civil War: Solidarity, Activism And Humanitarianism bEdinburgh University Press c2021 aSocial Work uhttps://academic.oup.com/book/37444